Rozbor hospodárenia podniku

Výročný rozbor hospodárenia stavebného podniku. Základné ukazovatele. Výkaz ziskov a strát. Analýza efektívnosti. Nedostatky tradičného rozboru. Prehĺbený rozbor. Ekonomický vývoj podniku za roky 1995 - 1997.

Guardado en:
Detalles Bibliográficos
Autor principal: Trávnik, Igor
Formato: Capítulo de libro
Lenguaje:eslovaco
Materias:
Etiquetas: Agregar Etiqueta
Sin Etiquetas, Sea el primero en etiquetar este registro!

MARC

LEADER 00000naa a2200000 4500
001 r034176
005 20230925100227.2
041 0 |a slo 
044 |a SK 
245 1 0 |a Rozbor hospodárenia podniku  |c Igor Trávnik 
520 |a Výročný rozbor hospodárenia stavebného podniku. Základné ukazovatele. Výkaz ziskov a strát. Analýza efektívnosti. Nedostatky tradičného rozboru. Prehĺbený rozbor. Ekonomický vývoj podniku za roky 1995 - 1997. 
610 2 0 |a hospodárenie podnikové 
610 2 0 |a hospodárenie finančné 
610 2 0 |a rozbory činnosti hospodárskej 
610 2 0 |a výsledok hospodársky 
610 2 0 |a podnik stavebný 
610 2 0 |a ukazovatele ekonomické 
610 2 0 |a Slovensko 
610 2 0 |a metodika 
610 2 0 |a vzorce 
100 1 |a Trávnik, Igor